Countries of Asia With the Letter P - Statistics

General Stats
  • This quiz has been taken 63 times
    47 since last reset
  • The average score is 5 of 6
Answer Stats
Countries % Correct
Philippines
95%
Pakistan
92%
Nepal
82%
Japan
77%
Singapore
64%
Cyprus
62%
No matching quizzes found
Score Distribution
Percent of People with Each Score
Percentile by Number Answered
Your Score History
You have not taken this quiz since the last reset